000 00434nam a2200181Ia 4500
001 2113
005 20260306143818.0
008 260306t2003||||xx |||||||||||||| ||spa||
041 _aESP
082 _a612.8201
_bB135
100 _aBennett, M. R.
_eAUT
245 0 _aPhilosophical foundations of neuroscience
260 _c2003
300 _a461 páginas :
_c24 cm.
650 _aGEN
654 _aCPS
942 _cLIB
_dJUS
_fJUS
_2ddc
_n
999 _c2113
_d2113